| 000 | 00349nam a2200133Ia 4500 | ||
|---|---|---|---|
| 008 | 240624s9999 xx 000 0 und d | ||
| 041 | _aeng | ||
| 082 | _a658.15 MAI | ||
| 100 | _aMAITAL SHLOMO | ||
| 245 | _aGLOBAL RISK GLOBAL OPPORTUNITY TEN ESSEN | ||
| 260 |
_c2010 _aNew Delhi _bResponse Books |
||
| 300 | _a361 : p. : cm. ; 23 | ||
| 365 |
_cRS _b34 |
||
| 999 |
_c15618 _d15618 |
||